| 000 | 00848nam a22001577a 4500 | ||
|---|---|---|---|
| 999 |
_c8265 _d8266 |
||
| 008 | 190813b ||||| |||| 00| 0 eng d | ||
| 020 | _a9780816624379 | ||
| 082 | _a338.1 FER | ||
| 100 | _aFerguson, James. | ||
| 245 |
_aThe anti-politics machine : _b"development," depoliticization, and bureaucratic power in Lesotho |
||
| 260 |
_aMinneapolis : _bUniversity of Minnesota Press, _c1994. |
||
| 300 |
_axvi, 320 p. : _b ill. ; _c23 cm. |
||
| 500 | _aOriginally published: Cambridge ; New York : Cambridge University Press, 1990. Includes bibliographical references (p. 304-313) and index. | ||
| 650 | _a Thaba Tseka Rural Development Program. Rural development projects--Lesotho--Case studies. Bureaucracy--Lesotho. Decentralization in government--Lesotho. Lesotho--Economic conditions--1966- Lesotho--Politics and government--1966 | ||
| 942 | _2ddc | ||